| 000 | 00911nam a2200229Ii 4500 | ||
|---|---|---|---|
| 003 | JO-AjNU | ||
| 008 | 230605s9999||||xx |||||||||||||| ||und|| | ||
| 017 | _a1993/7/705 | ||
| 020 | _a978-9957-00-455-2 | ||
| 040 |
_aJO-AjNU _bara _erda _cJO-AjNU |
||
| 041 | _aara | ||
| 050 | 1 | 4 | _aPJ7507.I43 2018 |
| 100 | 3 |
_aتأليف عباس، احسان, _eauthor _962034 |
|
| 245 | 0 | 0 | _aتاريخ النقد الادبي عند العرب: نقد الشعر من القرن الثاني حتى القرن الثامن الهجري |
| 250 | _aالطبعة العربية الاولى | ||
| 264 | 3 | 1 | _aعمان: دار الشروق للنشر والتوزيع، 2018 |
| 300 |
_a696ص _b ويحتوي على قائمة مراجع من ص674-ص696 |
||
| 336 |
_atext _btxt _2rdacontent |
||
| 337 |
_aunmediated _bn _2rdamedia |
||
| 338 |
_avolume _bnc _2rdacarrier |
||
| 650 | 4 |
_aالشعر العربي-نقد _962035 |
|
| 999 |
_aA28070 _c31638 _d31638 |
||